000 00571nam a2200193Ia 4500
003 GCL
008 140319s9999 xx 000 0 ara d
040 _aGCL /
_cGCL
082 0 4 _a810.8
_bع ر
100 1 _aاحمد كمال الدين حلمى
245 1 0 _a"الربيع ""بهارستان""" /
_cاحمد كمال الدين حلمى
700 1 _aعبدالرحمن الجامى الفارسى
300 _a290 ص
490 _a
650 0 4 _aالشعر العربى
650 0 4 _aالادب العربى
650 0 4 _aالمجموعات
942 _2ddc
_cBK
999 _c44307
_d44307